[Event "Eforie Nord Seacoast op 27th"]
[Site "Eforie Nord"]
[Date "2017.06.26"]
[Round "8"]
[White "Soltanici, Ruslan"]
[Black "Tseitline, Semenov"]
[Result "1-0"]
[WhiteElo "2393"]
[BlackElo "2025"]
[PlyCount "71"]
[EventDate "2017.06.19"]
[EventType "swiss"]
[EventRounds "10"]
[EventCountry "ROU"]
[SourceTitle "CBM 179 Extra"]
[Source "ChessBase"]
[SourceDate "2017.08.23"]
[SourceVersion "1"]
[SourceVersionDate "2017.08.23"]
[SourceQuality "1"]

1. e4 d6 2. d4 Nf6 3. Nc3 g6 4. f4 Bg7 5. Nf3 0-0 6. Bd3 Nc6 7. e5 dxe5 8. fxe5 Nd5 9. Nxd5 Qxd5 10. c3 Bg4 11. Qe2 Bxf3 12. gxf3 e6 13. Be3 Ne7 14. Be4 Qa5 15. Bxb7 Rab8 16. Be4 Nd5 17. Bxd5 Qxd5 18. 0-0 f6 19. c4 Qb7 20. exf6 Bxf6 21. b3 Rbe8 22. Rad1 e5 23. d5 e4 24. f4 a5 25. c5 Qc8 26. d6 cxd6 27. cxd6 Qd7 28. Rd5 Rc8 29. Rfd1 Bc3 30. Qg2 Qe6 31. d7 Rcd8 32. Rd6 Qe7 33. Qg5 Bf6 34. Qd5+ Kg7 35. Bc5 Rf7 36. Rxf6 1-0

[Event "Eforie Nord op"]
[Site "Eforie Nord"]
[Date "2014.07.01"]
[Round "10"]
[White "Egorov, Pavel"]
[Black "Tseitline, Semenov"]
[Result "0-1"]
[WhiteElo "2131"]
[BlackElo "2001"]
[PlyCount "58"]
[EventDate "2014.06.24"]
[EventType "swiss"]
[EventRounds "11"]
[EventCountry "ROU"]
[SourceTitle "CBM 161 Extra"]
[Source "ChessBase"]
[SourceDate "2014.08.29"]
[SourceVersion "1"]
[SourceVersionDate "2014.08.29"]
[SourceQuality "1"]

1. d4 Nf6 2. c4 e6 3. Nf3 d5 4. Nc3 Be7 5. Bg5 0-0 6. e3 b6 7. cxd5 Nxd5 8. Bxe7 Qxe7 9. Nxd5 exd5 10. Rc1 Be6 11. Bd3 h6 12. 0-0 c5 13. Ne5 c4 14. Bb1 Nd7 15. Qc2 Nf6 16. f4 g6 17. Qe2 Bf5 18. Bxf5 gxf5 19. Qf3 Kh7 20. Kh1 Rg8 21. Rg1 Ne4 22. a3 Rac8 23. Qe2 Qh4 24. g4 fxg4 25. Rg2 f6 26. Nxg4 h5 27. Nf2 Rxg2 28. Kxg2 Rg8+ 29. Kf3 Qg3+ 0-1

[Event "Centrocoop op"]
[Site "Eforie Nord"]
[Date "2000.??.??"]
[Round "?"]
[White "Tseitline, Semenov"]
[Black "Chouganov, Jurij"]
[Result "1-0"]
[WhiteElo "2035"]
[BlackElo "2175"]
[PlyCount "55"]
[EventDate "2000.??.??"]
[EventType "swiss"]
[EventRounds "9"]
[EventCountry "ROU"]
[SourceTitle "EXT 2004"]
[Source "ChessBase"]
[SourceDate "2003.11.25"]
[SourceVersion "1"]
[SourceVersionDate "2003.11.25"]
[SourceQuality "1"]

1. d4 Nf6 2. c4 c5 3. d5 b5 4. cxb5 a6 5. bxa6 Bxa6 6. Nc3 g6 7. Nf3 d6 8. e4 Bxf1 9. Kxf1 Nbd7 10. g3 Bg7 11. Kg2 0-0 12. Bf4 Ra6 13. Qe2 Qa8 14. Rad1 Rb8 15. e5 Nh5 16. e6 Nxf4+ 17. gxf4 Bxc3 18. exf7+ Kf8 19. bxc3 Rxa2 20. Qe3 Nf6 21. f5 gxf5 22. Qh6+ Kxf7 23. Ng5+ Ke8 24. Rhe1 Nxd5 25. Kg1 Rbb2 26. Nh3 Re2 27. Rxe2 Rxe2 28. Qh5+ 1-0

[Event "Centrocoop Sept op"]
[Site "Eforie Nord"]
[Date "1999.09.??"]
[Round "?"]
[White "Tseitline, Semenov"]
[Black "Spanoche, Ion"]
[Result "1-0"]
[WhiteElo "2042"]
[BlackElo "2099"]
[PlyCount "137"]
[EventDate "1999.09.??"]
[EventType "swiss"]
[EventRounds "11"]
[EventCountry "ROU"]
[SourceTitle "EXT 2004"]
[Source "ChessBase"]
[SourceDate "2003.11.25"]
[SourceVersion "1"]
[SourceVersionDate "2003.11.25"]
[SourceQuality "1"]

1. Nf3 c5 2. c4 Nc6 3. Nc3 Nf6 4. e4 d6 5. d4 cxd4 6. Nxd4 a6 7. Be2 e6 8. 0-0 Be7 9. Be3 0-0 10. f4 Qc7 11. Rc1 Nxd4 12. Bxd4 Nd7 13. Qd2 b6 14. Rfd1 Rd8 15. Bf3 Bb7 16. b3 Rac8 17. Qf2 Bf6 18. Rd2 Bxd4 19. Qxd4 Nf6 20. a4 e5 21. Qe3 Nd7 22. f5 Nf6 23. Rcd1 h6 24. g4 Qc5 25. Qxc5 bxc5 26. Rxd6 Re8 27. h4 Rb8 28. R6d3 Kf8 29. Kf2 Ke7 30. g5 hxg5 31. hxg5 Nh7 32. Rd7+ Kf8 33. g6 fxg6 34. fxg6 Ng5 35. Rc7 Re6 36. Rxc5 Nh3+ 37. Ke3 Nf4 38. Rd7 Bc6 39. Rf7+ Kg8 40. Rc7 Be8 41. Bd1 Nxg6 42. Nd5 Bf7 43. Rc8+ Rxc8 44. Rxc8+ Nf8 45. Bg4 Re8 46. Rxe8 Bxe8 47. Nc7 Bd7 48. Bxd7 Nxd7 49. Nxa6 Kf7 50. Nc7 Ke7 51. Nd5+ Kd6 52. b4 g5 53. Kf3 Nf8 54. Kg4 Ne6 55. Kf5 Nd4+ 56. Kxg5 Nf3+ 57. Kf6 Kc6 58. c5 Kb7 59. b5 Kc8 60. c6 Kb8 61. c7+ Kb7 62. b6 Nd2 63. Kxe5 Nc4+ 64. Kf6 Nd6 65. e5 Ne4+ 66. Kf7 Nc5 67. e6 Ne4 68. e7 Nd6+ 69. Kf8 1-0

[Event "Centrocoop Sept op"]
[Site "Eforie Nord"]
[Date "1999.09.??"]
[Round "?"]
[White "Tseitline, Semenov"]
[Black "Zhidkov, Valery S"]
[Result "1/2-1/2"]
[WhiteElo "2040"]
[BlackElo "2365"]
[PlyCount "75"]
[EventDate "1999.09.??"]
[EventType "swiss"]
[EventRounds "11"]
[EventCountry "ROU"]
[SourceTitle "EXT 2004"]
[Source "ChessBase"]
[SourceDate "2003.11.25"]
[SourceVersion "1"]
[SourceVersionDate "2003.11.25"]
[SourceQuality "1"]

1. Nf3 Nf6 2. c4 e6 3. d4 Bb4+ 4. Bd2 Qe7 5. g3 Nc6 6. Bg2 Bxd2+ 7. Nbxd2 d6 8. 0-0 a5 9. e4 e5 10. d5 Nb8 11. Ne1 h5 12. h4 Bg4 13. Bf3 Nbd7 14. Nd3 Bxf3 15. Qxf3 0-0 16. Qe2 Rfe8 17. Nf3 c6 18. Ng5 cxd5 19. cxd5 Rec8 20. Rac1 Qd8 21. Qd2 Qb6 22. Rxc8+ Rxc8 23. Rc1 Rc7 24. Rc3 Ne8 25. Qc2 Kf8 26. Rxc7 Nxc7 27. a3 Ke7 28. Kg2 f6 29. Nf3 Kd8 30. Nd2 Qd4 31. Qc4 Qa7 32. a4 Qa6 33. Qxa6 Nxa6 34. Kf3 Ndc5 35. b3 Kc7 36. g4 g6 37. gxh5 gxh5 38. Ke3 1/2-1/2

[Event "Centrocoop June op-B"]
[Site "Eforie Nord"]
[Date "1999.06.??"]
[Round "?"]
[White "Duminica, Mariana"]
[Black "Tseitline, Semenov"]
[Result "1-0"]
[WhiteElo "2160"]
[BlackElo "2042"]
[PlyCount "57"]
[EventDate "1999.06.??"]
[EventType "swiss"]
[EventRounds "11"]
[EventCountry "ROU"]
[SourceTitle "EXT 2004"]
[Source "ChessBase"]
[SourceDate "2003.11.25"]
[SourceVersion "1"]
[SourceVersionDate "2003.11.25"]
[SourceQuality "1"]

1. e4 d6 2. d4 Nf6 3. Nc3 g6 4. Nf3 Bg7 5. Bf4 0-0 6. Qd2 c6 7. Bd3 Bg4 8. 0-0-0 b5 9. h3 Bxf3 10. gxf3 b4 11. Ne2 Qa5 12. Kb1 Nbd7 13. h4 h5 14. Bh6 c5 15. Rdg1 Rac8 16. Bc4 Kh7 17. Bxg7 Kxg7 18. Qg5 d5 19. Bxd5 Nxd5 20. exd5 Nf6 21. Nf4 Rfd8 22. Nxg6 fxg6 23. Qxg6+ Kf8 24. Rg5 Rd6 25. Rhg1 Ra6 26. Rxh5 Qxa2+ 27. Kc1 Qa1+ 28. Kd2 Qxg1 29. Rh8+ 1-0

[Event "Centrocoop Sept op-A"]
[Site "Eforie Nord"]
[Date "1998.??.??"]
[Round "?"]
[White "Economescu, Valentin"]
[Black "Tseitline, Semenov"]
[Result "1/2-1/2"]
[WhiteElo "2145"]
[BlackElo "1750"]
[PlyCount "23"]
[EventDate "1998.09.??"]
[EventType "swiss"]
[EventRounds "11"]
[EventCountry "ROU"]
[SourceTitle "EXT 2000"]
[Source "ChessBase"]
[SourceDate "1999.11.16"]
[SourceVersion "1"]
[SourceVersionDate "1999.11.16"]
[SourceQuality "1"]

1. d4 Nf6 2. c4 g6 3. Nc3 d5 4. Nf3 Bg7 5. Bf4 0-0 6. e3 c5 7. Be2 Nc6 8. dxc5 Qa5 9. 0-0 dxc4 10. Bxc4 Qxc5 11. Bb3 Bf5 12. Qe2 1/2-1/2

[Event "Centrocoop June op-B"]
[Site "Eforie Nord"]
[Date "1998.??.??"]
[Round "?"]
[White "Gileva, Irina"]
[Black "Tseitline, Semenov"]
[Result "1/2-1/2"]
[WhiteElo "2145"]
[BlackElo "1750"]
[PlyCount "122"]
[EventDate "1998.06.??"]
[EventType "swiss"]
[EventRounds "11"]
[EventCountry "ROU"]
[SourceTitle "EXT 2000"]
[Source "ChessBase"]
[SourceDate "1999.11.16"]
[SourceVersion "1"]
[SourceVersionDate "1999.11.16"]
[SourceQuality "1"]

1. e4 d6 2. d4 Nf6 3. Bd3 g6 4. f4 Bg7 5. Nf3 0-0 6. 0-0 c5 7. c3 cxd4 8. cxd4 Nc6 9. Nc3 Bg4 10. d5 Nd4 11. Be2 Nxe2+ 12. Qxe2 a6 13. Be3 b5 14. a3 Rc8 15. h3 Bxf3 16. Rxf3 Nd7 17. Na2 Rc4 18. Bf2 Qc7 19. Rd3 Nc5 20. Bxc5 Qxc5+ 21. Kh2 Rc8 22. Nb4 Rc1 23. Rd1 Rxa1 24. Rxa1 Qc4 25. Re1 Qxe2 26. Rxe2 Rc1 27. Nxa6 Bd4 28. Kg3 h5 29. Rd2 Bf6 30. Nb4 h4+ 31. Kf2 g5 32. fxg5 Bxg5 33. Rc2 Rb1 34. Nd3 Kg7 35. Ke2 Bf6 36. Kd2 Kh6 37. Ke3 Bg5+ 38. Kd4 Bf6+ 39. Ke3 Bg5+ 40. Kf3 Rd1 41. Ke2 Rb1 42. Rc7 Rg1 43. Ne1 Bf6 44. b3 Bb2 45. a4 bxa4 46. bxa4 Be5 47. a5 Bg3 48. Nc2 Rxg2+ 49. Ke3 Bh2 50. a6 Bg1+ 51. Kd3 Rg3+ 52. Ke2 Rg8 53. Ne3 Bxe3 54. Kxe3 Rg3+ 55. Kf2 Rxh3 56. Rxe7 Ra3 57. a7 Ra2+ 58. Kg1 Kg6 59. Rd7 Kf6 60. Rxd6+ Ke5 61. Rd7 Kxe4 1/2-1/2

[Event "Centrocoop June op-B"]
[Site "Eforie Nord"]
[Date "1998.??.??"]
[Round "?"]
[White "Goreacinic, Dmitri"]
[Black "Tseitline, Semenov"]
[Result "1/2-1/2"]
[WhiteElo "2145"]
[BlackElo "1750"]
[PlyCount "125"]
[EventDate "1998.06.??"]
[EventType "swiss"]
[EventRounds "11"]
[EventCountry "ROU"]
[SourceTitle "EXT 2000"]
[Source "ChessBase"]
[SourceDate "1999.11.16"]
[SourceVersion "1"]
[SourceVersionDate "1999.11.16"]
[SourceQuality "1"]

1. Nf3 d5 2. c4 e6 3. d4 Nf6 4. Nc3 Be7 5. Bg5 h6 6. Bh4 0-0 7. e3 b6 8. Be2 Bb7 9. Bxf6 Bxf6 10. cxd5 exd5 11. b4 c5 12. bxc5 bxc5 13. Rb1 Bc6 14. 0-0 Nd7 15. Bb5 Qc7 16. Qa4 Nb6 17. Qa5 c4 18. Bxc6 Qxc6 19. Rb5 Rfd8 20. a4 Qd7 21. Qa6 Qe6 22. Rfb1 Rd6 23. Rc5 Nd7 24. Rc8+ Kh7 25. Qxd6 Qxd6 26. Rxa8 Qa3 27. Rxa7 Qxc3 28. Rxd7 Qc2 29. Rf1 Qxa4 30. Rxd5 Be7 31. Rf5 f6 32. d5 c3 33. Rf4 Qa2 34. Rd4 Bd6 35. Ne1 Qb3 36. Nd3 c2 37. Nc1 Qb1 38. Rc4 Ba3 39. Ne2 Qd1 40. Nd4 Bd6 41. g3 Be5 42. Nxc2 Qxd5 43. Rc8 Qd7 44. Rc5 Qd6 45. Rc4 Qd3 46. Rc6 Qb5 47. Rc8 Qd7 48. Rf8 Bd6 49. Ra8 Qc6 50. Ra2 Qc4 51. Rfa1 h5 52. Nd4 h4 53. Ra4 Qd3 54. Nf3 hxg3 55. Rh4+ Kg8 56. Ra8+ Kf7 57. Ra7+ Kg8 58. hxg3 Bc5 59. Ra8+ Kf7 60. Rhh8 g5 61. Rad8 Qb1+ 62. Kg2 Qb7 63. Rhe8 1/2-1/2

[Event "Centrocoop Sept op-A"]
[Site "Eforie Nord"]
[Date "1998.??.??"]
[Round "?"]
[White "Nutiu, Mihail"]
[Black "Tseitline, Semenov"]
[Result "1-0"]
[WhiteElo "2085"]
[BlackElo "1750"]
[PlyCount "151"]
[EventDate "1998.09.??"]
[EventType "swiss"]
[EventRounds "11"]
[EventCountry "ROU"]
[SourceTitle "EXT 2000"]
[Source "ChessBase"]
[SourceDate "1999.11.16"]
[SourceVersion "1"]
[SourceVersionDate "1999.11.16"]
[SourceQuality "1"]

1. d4 Nf6 2. c4 g6 3. Nc3 d5 4. Bf4 Bg7 5. Rc1 0-0 6. e3 dxc4 7. Bxc4 c5 8. dxc5 Qa5 9. Nge2 Nc6 10. 0-0 Qxc5 11. Nb5 Qh5 12. Nc7 Rb8 13. Nc3 e5 14. Qxh5 Nxh5 15. Bg5 h6 16. Bh4 g5 17. Bg3 Nxg3 18. hxg3 Bf5 19. Rfd1 Rfd8 20. Bb5 e4 21. N7d5 Kf8 22. f3 Re8 23. g4 Bg6 24. f4 gxf4 25. Nxf4 Rbd8 26. Kf2 Bh7 27. Ke2 a6 28. Rxd8 Rxd8 29. Bxc6 bxc6 30. Na4 Rd6 31. Rc5 Bf6 32. Ra5 Bg5 33. Nc3 Bxf4 34. exf4 Rg6 35. g5 hxg5 36. fxg5 f6 37. gxf6 Rxg2+ 38. Ke3 Rg3+ 39. Ke2 Rg2+ 40. Ke3 Rg3+ 41. Kd2 Rg2+ 42. Ne2 Bg6 43. Ke3 Kf7 44. Rxa6 Bh5 45. Nf4 Rg3+ 46. Kxe4 Bf3+ 47. Kd4 Kxf6 48. Rxc6+ Kf5 49. Nd5 Rg4+ 50. Kc5 Ke5 51. Rh6 Rg7 52. Ne3 Rg5 53. Nc4+ Ke4+ 54. Kb4 Kd3 55. Rd6+ Kc2 56. b3 Rg8 57. Rd2+ Kc1 58. a4 Bd1 59. Rd3 Rb8+ 60. Ka3 Kc2 61. Rh3 Be2 62. Na5 Bd3 63. b4 Rf8 64. Nc6 Rf1 65. Nd4+ Kc3 66. Nb5+ Kc4 67. Rh4+ Kd5 68. Rd4+ Kc6 69. Rxd3 Ra1+ 70. Kb3 Rb1+ 71. Kc4 Rc1+ 72. Nc3 Rh1 73. Rg3 Rh4+ 74. Kb3 Rh1 75. Rg6+ Kc7 76. a5 1-0